000 00741ntaaa2200241 4500
003 01
005 20251027203111.0
008 0714s1973 ag 01
020 _a9879403010
040 _aAR-BaBN
_bspa
_cAR-BaBN
_eaacr
_dRIC
082 _a200.1900 Av3p
100 _aAvendaƱo Amador, Cesar Roberto
_932471
245 _aPsicologia y religion
250 _a1 ed.
260 _aBuenos Aires :
_bKairos,
_c1999
300 _a209 p ;
_c21 cm
500 _aDialogo abierto entre distintas disciplinas afines. Contiene notas y referencias bibliograficas y bibliografias.
650 _aPsicologia
_92648
650 _aReligion
_94974
700 _aGonzalez Montoya, Susana
_932472
700 _aHerrera Obregon, Irma
_932473
942 _cBK
999 _c26434
_d26434